000 00703cam a2200217 a 4500
001 000012826
005 20200929163101.0
008 780210s1977 sp b 000 0 spa
020 _a8436800664
040 _aDO-SdBNP
_bspa
_cLC
_dBNPHU
082 _a346.013
_bM538d
100 1 _aMendizábal Oses, Luis.
_929667
245 1 0 _aDerecho de menores :
_bteoría general /
_cL. Mendizábal Oses ; prólogo Rafael Sajón.
260 _aMadrid :
_bPirámide,
_c1977.
300 _a517 p. ;
_c24 cm.
650 4 _aNiños
_xSituación legal
_zEspaña.
_929668
650 4 _aNiños
_xSituaciòn legal
_95138
700 1 _aSajón, Rafael,
_epról.
_929669
910 _aCatalogación por copia / LC
049 _aBNGR
999 _c12476
_d12476